| Tag |
First Indicator |
Second Indicator |
Subfields |
| LEADER |
00000cam a2200000 a 4500 |
| 001 |
in00000986010 |
| 005 |
20150927182630.0 |
| 008 |
900816s1991 ksu b s00110 eng |
| 010 |
|
|
|a 90012993
|
| 020 |
|
|
|a 0700604456 :
|c $35.00
|
| 035 |
|
|
|a (OCoLC)22347558
|
| 035 |
|
|
|9 AEZ3919AM
|
| 040 |
|
|
|a DLC
|c DLC
|d TXA
|d UtOrBLW
|
| 049 |
|
|
|a TXAM
|
| 050 |
0 |
0 |
|a RC506
|b .C29 1991
|
| 082 |
0 |
0 |
|a 616.89/17
|2 20
|
| 100 |
1 |
|
|a Cannon, Betty.
|
| 245 |
1 |
0 |
|a Sartre and psychoanalysis :
|b an existentialist challenge to clinical metatheory /
|c Betty Cannon.
|
| 264 |
|
1 |
|a Lawrence, Kan. :
|b University Press of Kansas,
|c [1991]
|
| 264 |
|
4 |
|c ©1991
|
| 300 |
|
|
|a xvii, 397 pages ;
|c 24 cm.
|
| 336 |
|
|
|a text
|b txt
|2 rdacontent
|
| 337 |
|
|
|a unmediated
|b n
|2 rdamedia
|
| 338 |
|
|
|a volume
|b nc
|2 rdacarrier
|
| 500 |
|
|
|a Spine title: Sartre & psychoanalysis.
|
| 504 |
|
|
|a Includes bibliographical references (pages 373-381) and index.
|
| 650 |
|
0 |
|a Psychoanalysis.
|
| 600 |
1 |
0 |
|a Sartre, Jean-Paul,
|d 1905-1980.
|
| 650 |
|
0 |
|a Existential psychotherapy.
|
| 740 |
0 |
|
|a Sartre & psychoanalysis.
|
| 999 |
|
|
|a MARS
|
| 999 |
f |
f |
|s f431e74c-230a-3467-998c-5d28f095f4e3
|i c1b3f0fe-3657-3d3e-85d7-3ae3510632eb
|t 0
|
| 952 |
f |
f |
|p ric
|a Texas A&M University
|b Rellis Campus
|c Joint Library Facility
|d Remote Storage
|t 0
|e RC506 .C29 1991
|h Library of Congress classification
|i unmediated -- volume
|m A14814735614
|
| 998 |
f |
f |
|a RC506 .C29 1991
|t 0
|l Remote Storage
|